|
|
|
|
| LEADER |
02482nam a2200337 a 4500 |
| 001 |
0017090 |
| 003 |
BD-DhAAL |
| 008 |
091022r20052003enk b 001 0 eng d |
| 010 |
|
|
|a 2003046122
|
| 020 |
|
|
|a 0521817943 (hb.)
|
| 020 |
|
|
|a 0521521068 (pb.)
|
| 040 |
|
|
|a DLC
|c DLC
|d DLC
|d BD-DhAAL
|
| 082 |
0 |
0 |
|a 341.762
|2 22
|
| 100 |
1 |
|
|a Sands, Philippe,
|d 1960-
|
| 245 |
1 |
0 |
|a Principles of international environmental law /
|c Philippe Sands.
|
| 250 |
|
|
|a Second edition.
|
| 260 |
|
|
|a Cambridge ;
|a New York :
|b Cambridge University Press,
|c c2003 [reprinted 2005].
|
| 300 |
|
|
|a cxxx, 1116 p. ;
|c 24 cm
|
| 500 |
|
|
|a Rev. ed. of: Principles of international environmental law. c1994-c1995.
|
| 504 |
|
|
|a Includes bibliographical references and index.
|
| 526 |
|
|
|a SOL
|x Sharmin Jahan Tania, School of Law, BRAC University
Course Name : Environmental Law (Law 346)
|
| 541 |
1 |
|
|e 0017090, 17091, 17092, 17093
|
| 650 |
|
0 |
|a Environmental law, International.
|
| 730 |
0 |
|
|a Principles of international environmental law.
|9 16123
|
| 852 |
4 |
|
|a Ayesha Abed Library
|c General Stacks
|
| 942 |
0 |
0 |
|0 4
|2 ddc
|c BK
|
| 999 |
|
|
|c 7960
|d 7960
|
| 952 |
|
|
|0 0
|1 0
|2 ddc
|4 0
|6 341_762000000000000_SAN_2005
|7 0
|9 8971
|a BRACUL
|b BRACUL
|c GEN
|d 2010-04-05
|e Essence Science Publications
|g 6700.00
|l 8
|m 92
|o 341.762 SAN
|p 3010017092
|r 2025-07-07
|s 2025-06-16
|t 3
|w 2010-04-05
|y BK
|x Requisitioned by Sharmin Jahan Tania, School of Law, BRAC University, for the course named - "Environmental Law (Law 346)".
|
| 952 |
|
|
|0 0
|1 0
|2 ddc
|4 0
|6 341_762000000000000_SAN_2005
|7 0
|9 8972
|a BRACUL
|b BRACUL
|c GEN
|d 2010-04-05
|e Essence Science Publications
|g 6700.00
|l 7
|m 44
|o 341.762 SAN
|p 3010017093
|r 2023-01-03
|s 2022-09-27
|t 4
|w 2010-04-05
|y BK
|x Requisitioned by Sharmin Jahan Tania, School of Law, BRAC University, for the course named - "Environmental Law (Law 346)".
|
| 952 |
|
|
|0 0
|1 0
|2 ddc
|4 0
|6 341_762000000000000_SAN_2005
|7 0
|9 8974
|a BRACUL
|b BRACUL
|c GEN
|d 2010-04-05
|e Essence Science Publications
|g 6700.00
|l 7
|m 49
|o 341.762 SAN
|p 3010017090
|r 2025-08-06
|s 2025-07-08
|t 1
|w 2010-04-05
|y BK
|x Requisitioned by Sharmin Jahan Tania, School of Law, BRAC University, for the course named - "Environmental Law (Law 346)".
|
| 952 |
|
|
|0 0
|1 0
|2 ddc
|4 0
|6 341_762000000000000_SAN_2005
|7 0
|9 8976
|a BRACUL
|b BRACUL
|c GEN
|d 2010-04-05
|e Essence Science Publications
|g 6700.00
|l 11
|m 112
|o 341.762 SAN
|p 3010017091
|q 2026-06-02
|r 2026-02-01
|s 2026-02-01
|t 2
|w 2010-04-05
|y BK
|x Requisitioned by Sharmin Jahan Tania, School of Law, BRAC University, for the course named - "Environmental Law (Law 346)".
|